Nutrition Science (Record no. 17891)

MARC details
000 -LEADER
fixed length control field 00566nam a22002057a 4500
003 - CONTROL NUMBER IDENTIFIER
control field OSt
005 - DATE AND TIME OF LATEST TRANSACTION
control field 20190927112912.0
008 - FIXED-LENGTH DATA ELEMENTS--GENERAL INFORMATION
fixed length control field 180319b xxu||||| |||| 00| 0 eng d
020 ## - INTERNATIONAL STANDARD BOOK NUMBER
International Standard Book Number 9789386418883
040 ## - CATALOGING SOURCE
Transcribing agency KABU
050 ## - LIBRARY OF CONGRESS CALL NUMBER
Classification number QP 141
Item number .S65 2018 C.1
100 ## - MAIN ENTRY--PERSONAL NAME
Personal name Srilakshmi, B.
245 ## - TITLE STATEMENT
Title Nutrition Science
Statement of responsibility, etc. B. Srilakshmi
250 ## - EDITION STATEMENT
Edition statement 6th ed.
260 ## - PUBLICATION, DISTRIBUTION, ETC. (IMPRINT)
Place of publication, distribution, etc. New Delhi
Name of publisher, distributor, etc. New Age International limited
Date of publication, distribution, etc. 2018
300 ## - PHYSICAL DESCRIPTION
Extent xx, 543p.
650 ## - SUBJECT ADDED ENTRY--TOPICAL TERM
Topical term or geographic name as entry element Nutrition
650 ## - SUBJECT ADDED ENTRY--TOPICAL TERM
Topical term or geographic name as entry element Diet
942 ## - ADDED ENTRY ELEMENTS (KOHA)
Source of classification or shelving scheme Library of Congress Classification
Koha item type General Collection
Classification part QP 141
Item part .S65 2018 C.1
Holdings
Withdrawn status Lost status Source of classification or shelving scheme Not for loan Home library Current library Date acquired Cost, normal purchase price Total Checkouts Full call number Barcode Date last seen Date last checked out Copy number Price effective from Koha item type Total Renewals
    Library of Congress Classification   Kabarak, Main Campus Kabarak, Main Campus 27/09/2019 1284.00 10 QP 141 .S65 2018 C.1 023652 09/03/2025 21/02/2025 c. 1 27/09/2019 General Collection  
    Library of Congress Classification   Kabarak, Main Campus Kabarak, Main Campus 27/09/2019 1284.00 13 QP 141 .S65 2018 c.2 023653 21/02/2024 06/02/2024 c. 2 27/09/2019 General Collection 1
Designed with assistance from East African Informatics Ltd